000 00253nam a22001217a 4500
003 SGT
082 _a621.382,KHA
100 _aKHARE RA
245 _aFIBER OPTOCS AND OPTO ELECTRONICS
260 _bOXFORD
_c2006
300 _a400
942 _2ddc
_cGF BOOKS
999 _c34419
_d34419